000
00286nam a2200097Ia 4500
001
758074
005
20250826164849.0
008
250824s9999 xx 000 0 und d
245
0
_a
HER YÖNÜYLE DİL/ANA ÇİZGİLERİYLE DİLBİLİM/1
_c
DOĞAN AKSAN
260
_b
TÜRK DİL KURUMU YAYINLARI
999
_c
758074
_d
758074